Professional practice / (Record no. 81319)

MARC details
000 -LEADER
fixed length control field 00670nam a22002057a 4500
005 - DATE AND TIME OF LATEST TRANSACTION
control field 20140102104512.0
010 ## - LCCN (DPL NO)
LC control number ENG-108921
020 ## - INTERNATIONAL STANDARD BOOK NUMBER
International Standard Book Number 9788120348745
Terms of availability 350.00
035 ## - SYSTEM CONTROL NUMBER
System control number EN-92454
037 ## - SOURCE OF ACQUISITION
Source of stock number/acquisition DBAD/PUB
082 ## - DEWEY DECIMAL CLASSIFICATION NUMBER
Classification number 174.972
100 ## - MAIN ENTRY--PERSONAL NAME
Personal name Krishnamurthy, K. G.
245 ## - TITLE STATEMENT
Title Professional practice /
Statement of responsibility, etc by K. G. Krishnamurthy [and] S. V. Ravindra
260 ## - PUBLICATION, DISTRIBUTION, ETC. (IMPRINT)
Place of publication, distribution, etc New Delhi
Name of publisher, distributor, etc PHI Learning
Date of publication, distribution, etc 2014
270 ## - ADDRESS
Address Rimjhim House,111, Patparganj Industrial Estate,
City New Delhi
Postal code 110092
300 ## - PHYSICAL DESCRIPTION
Extent xix, 380p.
Dimensions 24cm(pbk)
500 ## - GENERAL NOTE
General note Includes bibliographical references and index
700 ## - ADDED ENTRY--PERSONAL NAME
Personal name Ravindra, S. V.
942 ## - ADDED ENTRY ELEMENTS (KOHA)
Source of classification or shelving scheme Dewey Decimal Classification
Item type English Books
Call number suffix KRI
Classification part 174.972
Holdings
Withdrawn status Lost status Not for loan Collection code Home library Current library Date acquired Source of acquisition Cost, normal purchase price Full call number Barcode Copy number Cost, replacement price Koha item type
    Not For Loan Non-fiction D.B.Act.Division D.B.Act.Division 19/12/2013 DBAD/PUB 350.00 174.972 KRI EN-92454 1 350.00 English Books

© Delhi Public Library
Hit Counter
free hit counter